000
00418nam a2200133Ia 4500
008
100328s9999 xx 000 0 und d
082
_b
68031
100
_a
पोरे सुरेश.
245
_a
दिलासा देई साई.
260
_b
श्रीसाईअमृत.
630
_a
दिलासा देई साई.
730
_a
दिलासा देई साई.
942
_c
BOOK
999
_c
553770
_d
553767